000 00344cam a22001217a 4500
008 180718b1988 xxu||||| |||| 00| 0 eng d
082 _aO91x54 Si64s
100 _aSingh, Ram Bali
245 _aStudies in environment and development
_cby Ram Bali Singh
260 _aDelhi
_bCommonwealth
_c1988
300 _a354p.
650 _aEnvironment - India
999 _c353399
_d353399